000 00500nam a2200193Ia 4500
003 GCL
008 140319s9999 xx 000 0 eng d
040 _aGCL /
_cGCL
082 0 4 _a891.7
_bD M
100 1 _aDOSTOEVSKY, FYODOR
245 1 0 _aMY UNCLE'S DREAM /
_cDOSTOEVSKY, FYODOR
700 1 _aLITVINOVA, IVY
260 _a[S.N] :
_bFOREIGN LANGUAGES PUBLISHING HOUSE
300 _a404 P
650 0 4 _aRUSSIA - STORIES
650 0 4 _aFICTION
650 0 4 _aRUSSIAN LITERATURE
942 _2ddc
_cBK
999 _c10932
_d10932